LEADER 01014nam a2200241 u 4500 001 000000110312 003 CaOOAMICUS 005 20080305094525.0 008 080305s1970 it u000 u ita u 040 $aPUL$bita$dLDB 100 1 $aBernardinello, Silvio.$0(OLS)http://pul/name/61295 245 10$aEliminatio codicum della metafisica di Aristotele /$cSilvio Bernardinello. 260 $aPadova :$bAntenore,$c1970. 300 $a251 p. ;$c20 cm. 490 1 $aStudia aristotelica ;$v04 504 $aBibliografia in nota. 600 04$aAristoteles,$d384-322 a.C.$xMetafisica.$0(OLS)http://pul/subject/4814 830 0$aStudia aristotelica ;$v04.$0(OLS)http://pul/title/37452 850 $aPUL 852 $aPUL$W1$xSL Filosofia 3$y81$m185 STUAR 1.4$j126370$qDDC 21$B125094$CPULBib$Z2$F125094 $H106612 $82 941 1 $a9 996 $6245$aEliminatio codicum della metafisica di Aristotele$9(OLS)http://pul/title/138709 996 $6260$aPadova :$bAntenore$9(OLS)http://pul/publisher/48020 LEADER 00816nam a2200217 u 4500 001 000000088464 003 CaOOAMICUS 005 20070226124521.0 008 051031s1939 it u000 u ita u 035 $a11066118 040 $aPUL(R)$bita 100 1 $aBeltrani, Vito.$0(OLS)http://pul/name/57518 245 10$aAntirussia /$cVito Beltrani. 260 $aRoma :$bEdizioni M. Tupini,$c1939. 300 $a165 p. ;$c19 cm 650 4$aComunismo$xCritica e interpretazione.$0(OLS)http://pul/subject/21577 850 $aPUL 852 $aPUL$W1$xDP1 Fondo Pastorale$y55$mP5 F 19$j112029$nBK-PRI$b $qFondi$B112029$CPULBib$Z2$F112029 $H $81 941 1 $a1 996 $6245$aAntirussia$9(OLS)http://pul/title/114328 996 $6260$aRoma :$bEdizioni M. Tupini$9(OLS)http://pul/publisher/77926